UBT Library

Human development / (Record no. 47040)

000 -LEADER
fixed length control field 00720pam a2200229 a 4500
001 - CONTROL NUMBER
control field 2960012
005 - DATE AND TIME OF LATEST TRANSACTION
control field 20180813072535.0
008 - FIXED-LENGTH DATA ELEMENTS--GENERAL INFORMATION
fixed length control field 910501s1992 nyua b 001 0 eng
010 ## - LIBRARY OF CONGRESS CONTROL NUMBER
LC control number 91019187
020 ## - INTERNATIONAL STANDARD BOOK NUMBER
International Standard Book Number 0070485577
040 ## - CATALOGING SOURCE
Original cataloging agency DLC
Transcribing agency DLC
Modifying agency DLC
041 ## - LANGUAGE CODE
Language code of text/sound track or separate title eng
080 ## - UNIVERSAL DECIMAL CLASSIFICATION NUMBER
Edition identifier 5th
Universal Decimal Classification number 155 PAP
082 00 - DEWEY DECIMAL CLASSIFICATION NUMBER
Classification number 155 PAP
Edition number 20
100 1# - Rafti
Rafti 48
101 ## - Shkurtesa
Shkurtesa PSI
245 10 - TITLE STATEMENT
Title Human development /
Statement of responsibility, etc Diane E. Papalia, Sally Wendkos Olds.
504 ## - BIBLIOGRAPHY, ETC. NOTE
Bibliography, etc Includes bibliographical references (p. 565-603) and indexes.
906 ## - LOCAL DATA ELEMENT F, LDF (RLIN)
a 7
b cbc
c orignew
d 1
e ocip
f 19
g y-gencatlg
942 ## - ADDED ENTRY ELEMENTS (KOHA)
Source of classification or shelving scheme
Item type Books
Holdings
Withdrawn status Lost status Source of classification or shelving scheme Damaged status Not for loan Collection code Permanent location Current location Shelving location Date acquired Total Checkouts Full call number Barcode Date last seen Price effective from Koha item type
          Koleksioni i përgjithshem UBT - Lipjan UBT - Lipjan Koleksioni i përgjithshem 08/13/2018   155 PAP 002-3010987 08/13/2018 08/13/2018 Books
UBT Library © 2015-2024. All rights reserved University Education for Business and Technology